[Event "Hastings International"]
[Site "?"]
[Date "2018.01.07"]
[Round "13.1"]
[White "Hebden, Mark L"]
[Black "Dong, Bao Nghia"]
[Result "1-0"]
[BlackElo "2153"]
[WhiteElo "2429"]
[LiveChessVersion "1.4.8"]

1. d4 {[%clk 1:50:18]} Nf6 {[%clk 1:43:51]} 2. Nf3 {[%clk 1:50:01]} e6
{[%clk 1:43:53]} 3. e3 {[%clk 1:49:06]} b6 {[%clk 1:43:51]} 4. Bd3
{[%clk 1:49:09]} Bb7 {[%clk 1:43:57]} 5. O-O {[%clk 1:49:11]} Be7
{[%clk 1:43:57]} 6. c4 {[%clk 1:49:13]} O-O {[%clk 1:43:41]} 7. Nc3
{[%clk 1:49:07]} d5 {[%clk 1:43:17]} 8. b3 {[%clk 1:48:04]} c5 {[%clk 1:42:59]}
9. cxd5 {[%clk 1:47:34]} Nxd5 {[%clk 1:42:29]} 10. Bb2 {[%clk 1:45:05]} Na6
{[%clk 1:37:48]} 11. Rc1 {[%clk 1:33:59]} cxd4 {[%clk 1:36:54]} 12. Nxd4
{[%clk 1:28:44]} Nc5 {[%clk 1:34:50]} 13. Bb5 {[%clk 1:23:22]} Bf6
{[%clk 1:28:15]} 14. Nxd5 {[%clk 1:11:22]} Qxd5 {[%clk 1:28:01]} 15. Qg4
{[%clk 1:11:11]} h5 {[%clk 1:22:54]} 16. Qh3 {[%clk 1:11:01]} Qg5
{[%clk 1:22:38]} 17. Be2 {[%clk 1:04:58]} Be4 {[%clk 1:17:23]} 18. Rfd1
{[%clk 1:03:35]} Rad8 {[%clk 1:16:02]} 19. b4 {[%clk 1:01:13]} e5
{[%clk 1:09:48]} 20. Nb5 {[%clk 0:36:53]} Nd3 {[%clk 1:05:58]} 21. Bxd3
{[%clk 0:35:25]} Bxd3 {[%clk 1:01:33]} 22. Nxa7 {[%clk 0:34:42]} h4
{[%clk 0:57:49]} 23. f4 {[%clk 0:33:44]} Qg6 {[%clk 0:55:53]} 24. fxe5
{[%clk 0:27:50]} Bf5 {[%clk 0:54:51]} 25. Qf3 {[%clk 0:27:58]} Be4
{[%clk 0:53:24]} 26. Qh3 {[%clk 0:22:54]} Bg5 {[%clk 0:44:02]} 27. Bd4
{[%clk 0:22:41]} Ra8 {[%clk 0:36:34]} 28. Rc7 {[%clk 0:20:04]} Bd8
{[%clk 0:36:36]} 29. Rd7 {[%clk 0:20:06]} Qh5 {[%clk 0:29:49]} 30. Rf1
{[%clk 0:19:05]} g5 {[%clk 0:26:57]} 31. g4 {[%clk 0:16:15]} Qg6 {[%clk 0:27:03]}
32. Rd6 {[%clk 0:15:49]} Qh7 {[%clk 0:27:00]} 33. Nc6 {[%clk 0:14:41]} Rxa2
{[%clk 0:18:42]} 34. Nxd8 {[%clk 0:09:45]} Rg2+ {[%clk 0:18:45]} 35. Qxg2
{[%clk 0:09:49]} Bxg2 {[%clk 0:18:53]} 36. Kxg2 {[%clk 0:09:07]} h3+
{[%clk 0:17:41]} 37. Kg3 {[%clk 0:08:12]} Qe4 {[%clk 0:15:23]} 38. Kxh3
{[%clk 0:07:51]} b5 {[%clk 0:12:21]} 39. Rf5 {[%clk 0:07:22]} Kh7
{[%clk 0:12:14]} 40. Nxf7 {[%clk 0:06:41]} Rxf7 {[%clk 0:09:42]} 41. Rxf7+
{[%clk 0:06:49]} Kg8 {[%clk 0:09:51]} 42. Rf5 {[%clk 0:06:15]} Kh7
{[%clk 0:08:55]} 43. e6 {[%clk 0:04:52]} Kg6 {[%clk 0:07:11]} 44. e7+
{[%clk 0:04:12]} Kh7 {[%clk 0:07:08]} 45. Rf7+ {[%clk 0:04:07]} 1-0

[Event "Hastings International"]
[Site "?"]
[Date "2018.01.07"]
[Round "13.2"]
[White "Britton, Richard L"]
[Black "Vakhidov, Jakhongir"]
[Result "0-1"]
[BlackElo "2516"]
[WhiteElo "2256"]
[LiveChessVersion "1.4.8"]

1. e4 {[%clk 1:49:47]} d6 {[%clk 1:49:15]} 2. d4 {[%clk 1:49:51]} Nf6
{[%clk 1:49:10]} 3. Nc3 {[%clk 1:45:15]} g6 {[%clk 1:49:03]} 4. Nf3
{[%clk 1:42:40]} Bg7 {[%clk 1:49:01]} 5. Be3 {[%clk 1:41:38]} c6 {[%clk 1:48:33]}
6. Qd2 {[%clk 1:36:55]} b5 {[%clk 1:47:23]} 7. e5 {[%clk 1:33:26]} Ng4
{[%clk 1:40:41]} 8. h3 {[%clk 1:30:55]} Nxe3 {[%clk 1:40:30]} 9. Qxe3
{[%clk 1:31:02]} O-O {[%clk 1:39:57]} 10. Bd3 {[%clk 1:29:18]} Na6
{[%clk 1:37:05]} 11. a3 {[%clk 1:17:17]} Qb6 {[%clk 1:33:31]} 12. b4
{[%clk 1:16:06]} Nc7 {[%clk 1:31:57]} 13. O-O {[%clk 1:10:05]} Bb7
{[%clk 1:20:26]} 14. Rad1 {[%clk 0:53:24]} Rad8 {[%clk 1:09:25]} 15. Ne4
{[%clk 0:37:04]} dxe5 {[%clk 1:00:39]} 16. dxe5 {[%clk 0:36:31]} Qxe3
{[%clk 1:00:25]} 17. fxe3 {[%clk 0:36:39]} Ne6 {[%clk 0:56:46]} 18. c4
{[%clk 0:32:51]} a6 {[%clk 0:51:10]} 19. a4 {[%clk 0:28:45]} bxa4
{[%clk 0:49:41]} 20. Bc2 {[%clk 0:26:23]} a3 {[%clk 0:36:14]} 21. Rxd8
{[%clk 0:20:54]} Rxd8 {[%clk 0:35:35]} 22. Ra1 {[%clk 0:20:59]} c5
{[%clk 0:30:41]} 23. Nxc5 {[%clk 0:19:09]} Nxc5 {[%clk 0:19:34]} 24. bxc5
{[%clk 0:19:14]} Rc8 {[%clk 0:19:29]} 25. Rxa3 {[%clk 0:17:00]} Rxc5
{[%clk 0:19:27]} 26. e6 {[%clk 0:12:25]} f5 {[%clk 0:17:17]} 27. Bd3
{[%clk 0:10:45]} Bf6 {[%clk 0:15:40]} 28. Rb3 {[%clk 0:07:33]} Bc8
{[%clk 0:12:42]} 29. Rb8 {[%clk 0:06:02]} Kg7 {[%clk 0:12:23]} 30. Nd4
{[%clk 0:06:00]} f4 {[%clk 0:10:26]} 31. Nb3 {[%clk 0:06:06]} Rc7
{[%clk 0:08:44]} 32. Rb6 {[%clk 0:04:10]} fxe3 {[%clk 0:08:41]} 33. Kf1
{[%clk 0:04:11]} Ra7 {[%clk 0:03:45]} 34. c5 {[%clk 0:02:00]} a5 {[%clk 0:03:39]}
35. Bc4 {[%clk 0:01:56]} a4 {[%clk 0:03:31]} 36. Nc1 {[%clk 0:01:56]} Bd4
{[%clk 0:02:38]} 37. Nd3 {[%clk 0:01:43]} a3 {[%clk 0:02:31]} 38. Ba2
{[%clk 0:01:47]} Ba6 {[%clk 0:02:14]} 39. Ke2 {[%clk 0:01:12]} Bxc5
{[%clk 0:02:13]} 40. Rxa6 {[%clk 0:01:16]} Rxa6 {[%clk 0:02:18]} 41. Nxc5
{[%clk 0:01:21]} Rc6 {[%clk 0:02:22]} 0-1

[Event "Hastings International"]
[Site "?"]
[Date "2018.01.07"]
[Round "13.3"]
[White "Cove, Henry"]
[Black "Grieve, Harry"]
[Result "1/2-1/2"]
[BlackElo "2220"]
[WhiteElo "1875"]
[LiveChessVersion "1.4.8"]

1. d4 {[%clk 1:50:16]} Nf6 {[%clk 1:50:11]} 2. c4 {[%clk 1:48:37]} e6
{[%clk 1:50:14]} 3. g3 {[%clk 1:48:31]} Bb4+ {[%clk 1:50:03]} 4. Bd2
{[%clk 1:48:23]} Be7 {[%clk 1:47:11]} 5. Bg2 {[%clk 1:47:08]} d5 {[%clk 1:47:09]}
6. Nf3 {[%clk 1:46:34]} O-O {[%clk 1:47:06]} 7. O-O {[%clk 1:46:10]} c6
{[%clk 1:46:36]} 8. Qc2 {[%clk 1:44:52]} b6 {[%clk 1:45:57]} 9. Bf4
{[%clk 1:44:38]} Bb7 {[%clk 1:44:36]} 10. Nbd2 {[%clk 1:41:24]} Nbd7
{[%clk 1:42:58]} 11. e4 {[%clk 1:38:48]} dxe4 {[%clk 1:39:25]} 12. Nxe4
{[%clk 1:37:36]} Nxe4 {[%clk 1:37:58]} 13. Qxe4 {[%clk 1:37:39]} Rc8
{[%clk 1:34:26]} 14. Rfe1 {[%clk 1:30:58]} Nf6 {[%clk 1:27:25]} 15. Qe2
{[%clk 1:30:42]} Re8 {[%clk 1:23:44]} 16. Rad1 {[%clk 1:30:17]} Bb4
{[%clk 1:22:20]} 17. Bd2 {[%clk 1:29:02]} Bxd2 {[%clk 1:10:56]} 18. Rxd2
{[%clk 1:28:28]} Qc7 {[%clk 1:08:51]} 19. Ne5 {[%clk 1:13:30]} c5
{[%clk 1:00:55]} 20. dxc5 {[%clk 1:07:55]} bxc5 {[%clk 0:55:32]} 21. Bxb7
{[%clk 0:58:37]} Qxb7 {[%clk 0:55:40]} 22. Red1 {[%clk 0:58:08]} Rf8
{[%clk 0:47:54]} 23. h4 {[%clk 0:49:39]} h6 {[%clk 0:42:49]} 24. Nd7
{[%clk 0:48:38]} Nxd7 {[%clk 0:42:47]} 25. Rxd7 {[%clk 0:48:42]} Qa6
{[%clk 0:42:15]} 26. b3 {[%clk 0:47:53]} Qa3 {[%clk 0:39:05]} 27. R1d2
{[%clk 0:47:14]} a5 {[%clk 0:35:40]} 28. Ra7 {[%clk 0:43:51]} Rcd8
{[%clk 0:31:12]} 29. Qd1 {[%clk 0:30:26]} Rde8 {[%clk 0:24:26]} 30. Kg2
{[%clk 0:28:38]} Ra8 {[%clk 0:21:50]} 31. Rxa8 {[%clk 0:25:21]} Rxa8
{[%clk 0:21:59]} 32. Rd8+ {[%clk 0:25:12]} Rxd8 {[%clk 0:22:08]} 33. Qxd8+
{[%clk 0:25:12]} Kh7 {[%clk 0:22:18]} 34. Qd3+ {[%clk 0:24:59]} Kg8
{[%clk 0:19:56]} 35. Qd8+ {[%clk 0:15:52]} Kh7 {[%clk 0:19:58]} 36. Qd3+
{[%clk 0:15:56]} Kg8 {[%clk 0:19:04]} 37. Qd8+ {[%clk 0:16:02]} 1/2-1/2

[Event "Hastings International"]
[Site "?"]
[Date "2018.01.07"]
[Round "13.4"]
[White "Bennet-Stevens, Lucy"]
[Black "Willson, Ollie"]
[Result "0-1"]
[BlackElo "2057"]
[WhiteElo "1669"]
[LiveChessVersion "1.4.8"]

1. e4 {[%clk 1:50:16]} c5 {[%clk 1:50:11]} 2. Nf3 {[%clk 1:50:05]} e6
{[%clk 1:50:13]} 3. d4 {[%clk 1:49:51]} cxd4 {[%clk 1:50:17]} 4. Nxd4
{[%clk 1:49:42]} Nc6 {[%clk 1:50:22]} 5. Nc3 {[%clk 1:48:56]} Qc7
{[%clk 1:50:21]} 6. a3 {[%clk 1:46:33]} a6 {[%clk 1:49:43]} 7. Be2
{[%clk 1:46:13]} Nf6 {[%clk 1:49:09]} 8. O-O {[%clk 1:44:04]} Be7
{[%clk 1:48:29]} 9. Be3 {[%clk 1:40:43]} O-O {[%clk 1:46:17]} 10. Nb3
{[%clk 1:37:13]} d6 {[%clk 1:41:52]} 11. f4 {[%clk 1:30:59]} b5 {[%clk 1:40:35]}
12. Bf3 {[%clk 1:29:24]} Bb7 {[%clk 1:40:27]} 13. Qe2 {[%clk 1:24:41]} Nd7
{[%clk 1:35:10]} 14. Qf2 {[%clk 1:19:30]} Rac8 {[%clk 1:31:02]} 15. Rad1
{[%clk 1:13:40]} Na5 {[%clk 1:05:56]} 16. Nd2 {[%clk 1:03:12]} Bf6
{[%clk 0:55:23]} 17. Bd4 {[%clk 0:57:55]} Bxd4 {[%clk 0:53:39]} 18. Qxd4
{[%clk 0:57:26]} Qb6 {[%clk 0:53:14]} 19. Qxb6 {[%clk 0:53:10]} Nxb6
{[%clk 0:52:03]} 20. Be2 {[%clk 0:52:27]} d5 {[%clk 0:50:38]} 21. exd5
{[%clk 0:49:33]} Nxd5 {[%clk 0:50:13]} 22. Nxd5 {[%clk 0:48:47]} Bxd5
{[%clk 0:50:12]} 23. Bd3 {[%clk 0:47:36]} Nc4 {[%clk 0:25:35]} 24. Nxc4
{[%clk 0:45:49]} bxc4 {[%clk 0:25:35]} 25. Be2 {[%clk 0:44:10]} Rb8
{[%clk 0:25:29]} 26. Rb1 {[%clk 0:43:36]} a5 {[%clk 0:20:23]} 27. Bf3
{[%clk 0:39:37]} Rfd8 {[%clk 0:08:32]} 28. Kf2 {[%clk 0:37:07]} Kf8
{[%clk 0:06:39]} 29. Ke3 {[%clk 0:32:29]} Ke7 {[%clk 0:04:56]} 30. h3
{[%clk 0:29:24]} Rb5 {[%clk 0:04:40]} 31. Rf2 {[%clk 0:27:58]} Rdb8
{[%clk 0:04:28]} 32. Bxd5 {[%clk 0:26:38]} exd5 {[%clk 0:04:29]} 33. c3
{[%clk 0:25:11]} Kd6 {[%clk 0:03:51]} 34. Rd2 {[%clk 0:23:35]} Kc6
{[%clk 0:02:24]} 35. g4 {[%clk 0:23:11]} a4 {[%clk 0:01:41]} 36. f5
{[%clk 0:20:53]} Rb3 {[%clk 0:01:40]} 37. Rbd1 {[%clk 0:20:43]} R8b5
{[%clk 0:01:49]} 38. Re1 {[%clk 0:17:36]} Rxb2 {[%clk 0:01:46]} 39. Rdd1
{[%clk 0:17:37]} Rh2 {[%clk 0:01:23]} 40. Kd4 {[%clk 0:16:18]} Kd6
{[%clk 0:01:11]} 41. f6 {[%clk 0:14:58]} gxf6 {[%clk 0:01:03]} 42. Rf1
{[%clk 0:14:48]} Rxh3 {[%clk 0:01:08]} 43. Rxf6+ {[%clk 0:14:19]} Ke7
{[%clk 0:01:16]} 44. Ra6 {[%clk 0:13:41]} Rg3 {[%clk 0:01:25]} 45. Re1+
{[%clk 0:12:10]} Kf8 {[%clk 0:01:20]} 46. Rxa4 {[%clk 0:09:19]} Rxg4+
{[%clk 0:01:28]} 47. Ke3 {[%clk 0:08:57]} Re4+ {[%clk 0:01:36]} 48. Kf2
{[%clk 0:08:38]} Rb2+ {[%clk 0:01:43]} 49. Kf1 {[%clk 0:08:31]} Rxe1+
{[%clk 0:01:51]} 50. Kxe1 {[%clk 0:08:29]} Rc2 {[%clk 0:01:59]} 51. Ra5
{[%clk 0:07:41]} Rxc3 {[%clk 0:01:59]} 52. a4 {[%clk 0:07:25]} Ra3
{[%clk 0:02:04]} 53. Kd2 {[%clk 0:07:18]} d4 {[%clk 0:02:12]} 54. Ra8+
{[%clk 0:06:55]} Kg7 {[%clk 0:02:21]} 55. a5 {[%clk 0:06:55]} Ra2+
{[%clk 0:02:22]} 56. Kc1 {[%clk 0:06:56]} c3 {[%clk 0:02:16]} 57. Rd8
{[%clk 0:06:40]} Rxa5 {[%clk 0:02:16]} 58. Rxd4 {[%clk 0:06:43]} Rc5
{[%clk 0:02:23]} 59. Kc2 {[%clk 0:06:40]} h5 {[%clk 0:02:24]} 0-1

[Event "Hastings International"]
[Site "?"]
[Date "2018.01.07"]
[Round "13.5"]
[White "Duggan, Michael Fg"]
[Black "Ruane, Brendan J"]
[Result "1/2-1/2"]
[BlackElo "1838"]
[WhiteElo "2089"]
[LiveChessVersion "1.4.8"]

1. e4 {[%clk 1:49:11]} g6 {[%clk 1:50:09]} 2. d4 {[%clk 1:49:14]} Bg7
{[%clk 1:50:14]} 3. Nf3 {[%clk 1:48:53]} d6 {[%clk 1:48:33]} 4. Bc4
{[%clk 1:45:34]} Nf6 {[%clk 1:47:42]} 5. Nc3 {[%clk 1:42:39]} O-O
{[%clk 1:47:24]} 6. Bb3 {[%clk 1:42:12]} Bg4 {[%clk 1:46:49]} 7. h3
{[%clk 1:41:02]} Bxf3 {[%clk 1:46:50]} 8. Qxf3 {[%clk 1:41:06]} Nc6
{[%clk 1:45:58]} 9. Be3 {[%clk 1:40:14]} e5 {[%clk 1:42:12]} 10. dxe5
{[%clk 1:35:03]} dxe5 {[%clk 1:42:03]} 11. Rd1 {[%clk 1:17:37]} Qe7
{[%clk 1:42:00]} 12. O-O {[%clk 1:15:41]} Rad8 {[%clk 1:36:10]} 13. Bg5
{[%clk 1:05:20]} Nd4 {[%clk 1:36:00]} 14. Qg3 {[%clk 0:59:48]} h6
{[%clk 1:30:27]} 15. Bxf6 {[%clk 0:53:40]} 1/2-1/2

[Event "Hastings International"]
[Site "?"]
[Date "2018.01.07"]
[Round "13.6"]
[White "Coleman, David J"]
[Black "Ridge, Michael"]
[Result "1/2-1/2"]
[BlackElo "1833"]
[WhiteElo "2055"]
[LiveChessVersion "1.4.8"]

1. e4 {[%clk 1:50:16]} e6 {[%clk 1:50:18]} 2. d4 {[%clk 1:50:17]} d5
{[%clk 1:50:25]} 3. Nc3 {[%clk 1:50:19]} Bb4 {[%clk 1:50:32]} 4. e5
{[%clk 1:50:17]} c5 {[%clk 1:50:39]} 5. a3 {[%clk 1:50:04]} Bxc3+
{[%clk 1:50:44]} 6. bxc3 {[%clk 1:50:07]} Qc7 {[%clk 1:50:52]} 7. Qg4
{[%clk 1:49:55]} f5 {[%clk 1:50:59]} 8. Qg3 {[%clk 1:47:11]} cxd4
{[%clk 1:51:01]} 9. cxd4 {[%clk 1:45:32]} Ne7 {[%clk 1:50:58]} 10. Bd2
{[%clk 1:34:00]} O-O {[%clk 1:51:01]} 11. Bd3 {[%clk 1:31:37]} b6
{[%clk 1:50:51]} 12. Ne2 {[%clk 1:30:05]} Ba6 {[%clk 1:50:50]} 13. Nf4
{[%clk 1:19:30]} Qd7 {[%clk 1:50:48]} 14. Bxa6 {[%clk 1:07:48]} Nxa6
{[%clk 1:50:54]} 15. Qd3 {[%clk 1:07:35]} Nb8 {[%clk 1:50:12]} 16. O-O
{[%clk 1:02:15]} Nbc6 {[%clk 1:50:14]} 17. Rfc1 {[%clk 0:54:28]} Rac8
{[%clk 1:48:33]} 1/2-1/2

[Event "Hastings International"]
[Site "?"]
[Date "2018.01.07"]
[Round "13.7"]
[White "Gregory, Stephen J"]
[Black "Faulkner, Martin J"]
[Result "1/2-1/2"]
[BlackElo "1813"]
[WhiteElo "1951"]
[LiveChessVersion "1.4.8"]

1. e4 {[%clk 1:50:18]} c5 {[%clk 1:50:16]} 2. Nf3 {[%clk 1:50:23]} e6
{[%clk 1:50:21]} 3. d3 {[%clk 1:50:30]} Nf6 {[%clk 1:49:43]} 4. g3
{[%clk 1:50:33]} Nc6 {[%clk 1:48:40]} 5. Bg2 {[%clk 1:50:36]} d6 {[%clk 1:45:05]}
6. O-O {[%clk 1:50:24]} Be7 {[%clk 1:44:48]} 7. c3 {[%clk 1:49:22]} O-O
{[%clk 1:43:40]} 8. Re1 {[%clk 1:48:57]} Bd7 {[%clk 1:38:50]} 9. a3
{[%clk 1:47:49]} Ne5 {[%clk 1:31:49]} 10. d4 {[%clk 1:45:53]} Nxf3+
{[%clk 1:31:47]} 11. Bxf3 {[%clk 1:45:51]} cxd4 {[%clk 1:29:40]} 12. cxd4
{[%clk 1:44:58]} e5 {[%clk 1:23:57]} 13. Be3 {[%clk 1:37:41]} Qc8
{[%clk 1:13:32]} 14. Nc3 {[%clk 1:36:12]} Ng4 {[%clk 1:08:28]} 15. Nd5
{[%clk 1:32:18]} Re8 {[%clk 1:01:39]} 16. Rc1 {[%clk 1:31:04]} Nxe3
{[%clk 0:57:57]} 17. Nxe7+ {[%clk 1:30:17]} Kh8 {[%clk 0:57:53]} 18. fxe3
{[%clk 1:26:15]} 1/2-1/2

[Event "Hastings International"]
[Site "?"]
[Date "2018.01.07"]
[Round "13.8"]
[White "Footner, Andrew F"]
[Black "Jackson, Paul G"]
[Result "1-0"]
[BlackElo "1812"]
[WhiteElo "1981"]
[LiveChessVersion "1.4.8"]

1. e4 {[%clk 1:50:16]} e6 {[%clk 1:49:56]} 2. d4 {[%clk 1:50:13]} d5
{[%clk 1:49:59]} 3. e5 {[%clk 1:49:55]} c5 {[%clk 1:49:59]} 4. c3
{[%clk 1:49:59]} Nc6 {[%clk 1:49:51]} 5. Nf3 {[%clk 1:50:03]} Qb6
{[%clk 1:49:39]} 6. Bd3 {[%clk 1:50:05]} cxd4 {[%clk 1:49:03]} 7. cxd4
{[%clk 1:50:10]} Bd7 {[%clk 1:48:36]} 8. O-O {[%clk 1:50:06]} Nxd4
{[%clk 1:48:07]} 9. Nxd4 {[%clk 1:50:10]} Qxd4 {[%clk 1:47:52]} 10. Qe2
{[%clk 1:50:11]} a6 {[%clk 1:46:37]} 11. Kh1 {[%clk 1:48:51]} Ne7
{[%clk 1:46:11]} 12. f4 {[%clk 1:48:38]} Nc6 {[%clk 1:45:04]} 13. Rd1
{[%clk 1:31:01]} Qb6 {[%clk 1:43:23]} 14. Nc3 {[%clk 1:29:45]} Nb4
{[%clk 1:41:48]} 15. Bb1 {[%clk 1:15:52]} d4 {[%clk 1:30:59]} 16. Qd2
{[%clk 1:15:21]} Nc6 {[%clk 1:24:19]} 17. a3 {[%clk 1:06:01]} a5 {[%clk 1:21:45]}
18. Qd3 {[%clk 1:04:17]} Rd8 {[%clk 1:17:24]} 19. Ne4 {[%clk 1:00:45]} Be7
{[%clk 1:16:18]} 20. b3 {[%clk 0:52:44]} Qa6 {[%clk 1:06:24]} 21. Qg3
{[%clk 0:51:44]} g6 {[%clk 1:05:40]} 22. Bd3 {[%clk 0:49:07]} Qb6
{[%clk 1:04:31]} 23. Bc4 {[%clk 0:49:08]} Nb8 {[%clk 0:57:44]} 24. Bb2
{[%clk 0:48:13]} Bc6 {[%clk 0:56:03]} 25. Nd6+ {[%clk 0:44:23]} Bxd6
{[%clk 0:53:17]} 26. exd6 {[%clk 0:43:49]} Rxd6 {[%clk 0:50:38]} 27. f5
{[%clk 0:43:53]} gxf5 {[%clk 0:48:43]} 28. Qg7 {[%clk 0:41:05]} Rf8
{[%clk 0:48:10]} 29. Rxd4 {[%clk 0:40:14]} Rxd4 {[%clk 0:46:50]} 30. Bxd4
{[%clk 0:40:19]} Qd8 {[%clk 0:45:02]} 31. Bc5 {[%clk 0:39:37]} Nd7
{[%clk 0:44:26]} 32. Rd1 {[%clk 0:39:41]} Qh4 {[%clk 0:36:08]} 33. Bxf8
{[%clk 0:36:26]} Nxf8 {[%clk 0:35:29]} 34. Qe5 {[%clk 0:35:47]} Nd7
{[%clk 0:30:06]} 35. Qxa5 {[%clk 0:30:05]} Bxg2+ {[%clk 0:27:00]} 36. Kg1
{[%clk 0:27:39]} Bc6 {[%clk 0:26:33]} 37. Rd2 {[%clk 0:23:05]} Qg4+
{[%clk 0:25:19]} 38. Kf1 {[%clk 0:22:55]} Qg2+ {[%clk 0:24:07]} 39. Rxg2
{[%clk 0:23:01]} 1-0

[Event "Hastings International"]
[Site "?"]
[Date "2018.01.07"]
[Round "13.9"]
[White "Colburn, Paul J"]
[Black "Brown, Terry L"]
[Result "1-0"]
[BlackElo "1559"]
[WhiteElo "1927"]
[LiveChessVersion "1.4.8"]

1. Nf3 {[%clk 1:50:17]} Nf6 {[%clk 1:50:04]} 2. g3 {[%clk 1:50:25]} d5
{[%clk 1:48:31]} 3. c4 {[%clk 1:50:30]} c5 {[%clk 1:46:07]} 4. Bg2
{[%clk 1:50:23]} Nc6 {[%clk 1:45:48]} 5. cxd5 {[%clk 1:45:34]} Nxd5
{[%clk 1:45:38]} 6. Nc3 {[%clk 1:45:35]} g6 {[%clk 1:43:41]} 7. Qb3
{[%clk 1:43:50]} Nf6 {[%clk 1:41:31]} 8. d3 {[%clk 1:38:55]} Bg7 {[%clk 1:40:08]}
9. Be3 {[%clk 1:37:26]} Nd4 {[%clk 1:37:30]} 10. Nxd4 {[%clk 1:35:21]} cxd4
{[%clk 1:37:28]} 11. Qa4+ {[%clk 1:35:27]} Bd7 {[%clk 1:33:43]} 12. Qxd4
{[%clk 1:35:11]} O-O {[%clk 1:33:25]} 13. Bd2 {[%clk 1:26:07]} Ng4
{[%clk 1:28:33]} 14. Qb4 {[%clk 1:25:13]} a5 {[%clk 1:28:17]} 15. Qb3
{[%clk 1:22:03]} Be6 {[%clk 1:22:17]} 16. Qc2 {[%clk 1:20:29]} Qd4
{[%clk 1:06:52]} 17. O-O {[%clk 1:19:50]} Rab8 {[%clk 1:06:44]} 18. h3
{[%clk 1:18:37]} Nh6 {[%clk 1:04:30]} 19. Bf4 {[%clk 1:13:24]} Rbd8
{[%clk 0:58:13]} 20. Qa4 {[%clk 1:07:35]} Qa7 {[%clk 0:50:22]} 21. Rac1
{[%clk 1:02:52]} Nf5 {[%clk 0:49:38]} 22. Nb5 {[%clk 0:58:37]} Qb6
{[%clk 0:45:51]} 23. Bc7 {[%clk 0:55:02]} Qa6 {[%clk 0:45:45]} 24. Bxd8
{[%clk 0:52:04]} Rxd8 {[%clk 0:45:44]} 25. g4 {[%clk 0:50:36]} Nd4
{[%clk 0:37:05]} 26. Nxd4 {[%clk 0:47:29]} Bxd4 {[%clk 0:37:06]} 27. Rc7
{[%clk 0:46:46]} b5 {[%clk 0:36:01]} 28. Qc2 {[%clk 0:46:20]} Bf6
{[%clk 0:29:01]} 29. b3 {[%clk 0:44:46]} b4 {[%clk 0:28:28]} 30. Qc5
{[%clk 0:43:47]} Rc8 {[%clk 0:26:20]} 31. Rc1 {[%clk 0:43:03]} Bc3
{[%clk 0:26:13]} 32. Qxe7 {[%clk 0:40:38]} Rxc7 {[%clk 0:22:59]} 33. Qxc7
{[%clk 0:40:40]} Qb5 {[%clk 0:22:50]} 34. Qc6 {[%clk 0:36:32]} Qg5
{[%clk 0:22:17]} 35. e3 {[%clk 0:36:01]} h5 {[%clk 0:21:09]} 36. gxh5
{[%clk 0:32:15]} Qxh5 {[%clk 0:21:12]} 37. Qf3 {[%clk 0:29:49]} Qb5
{[%clk 0:19:56]} 38. d4 {[%clk 0:26:39]} Qd3 {[%clk 0:19:12]} 39. Qa8+
{[%clk 0:25:11]} Kh7 {[%clk 0:19:09]} 40. Qxa5 {[%clk 0:24:52]} Qe2
{[%clk 0:17:15]} 41. d5 {[%clk 0:23:00]} Bf5 {[%clk 0:16:32]} 42. Qc7
{[%clk 0:21:53]} Kg7 {[%clk 0:15:50]} 43. d6 {[%clk 0:17:19]} Qd2
{[%clk 0:12:43]} 44. Rf1 {[%clk 0:17:26]} Be5 {[%clk 0:12:06]} 45. Qc5
{[%clk 0:16:25]} Bf6 {[%clk 0:10:40]} 46. Qd5 {[%clk 0:15:48]} Qxd5
{[%clk 0:07:57]} 47. Bxd5 {[%clk 0:15:56]} Bxh3 {[%clk 0:06:57]} 48. Rd1
{[%clk 0:15:49]} Bd7 {[%clk 0:06:43]} 49. f3 {[%clk 0:15:15]} g5 {[%clk 0:06:17]}
50. Rc1 {[%clk 0:14:03]} Bc3 {[%clk 0:06:16]} 51. a4 {[%clk 0:10:58]} Bd2
{[%clk 0:05:41]} 52. Rc7 {[%clk 0:10:52]} Bxe3+ {[%clk 0:05:42]} 53. Kg2
{[%clk 0:10:50]} 1-0

[Event "Hastings International"]
[Site "?"]
[Date "2018.01.07"]
[Round "13.12"]
[White "Paleri, Adithya P"]
[Black "Balaji, Aaravamudhan"]
[Result "0-1"]
[BlackElo "1865"]
[WhiteElo "1652"]
[LiveChessVersion "1.4.8"]

1. d4 {[%clk 1:50:19]} Nf6 {[%clk 1:50:14]} 2. c4 {[%clk 1:50:26]} g6
{[%clk 1:50:20]} 3. Nf3 {[%clk 1:50:33]} Bg7 {[%clk 1:50:25]} 4. g3
{[%clk 1:50:40]} O-O {[%clk 1:50:25]} 5. Bg2 {[%clk 1:50:41]} d6 {[%clk 1:50:16]}
6. O-O {[%clk 1:50:45]} Nbd7 {[%clk 1:49:32]} 7. Nc3 {[%clk 1:50:37]} e5
{[%clk 1:48:05]} 8. e4 {[%clk 1:49:34]} a6 {[%clk 1:47:19]} 9. Re1
{[%clk 1:45:11]} exd4 {[%clk 1:42:25]} 10. Nxd4 {[%clk 1:43:29]} Ne5
{[%clk 1:40:34]} 11. b3 {[%clk 1:25:01]} Nfd7 {[%clk 1:26:20]} 12. f4
{[%clk 1:12:25]} Nc6 {[%clk 1:16:04]} 13. Nxc6 {[%clk 1:07:57]} bxc6
{[%clk 1:15:01]} 14. Bb2 {[%clk 1:05:49]} c5 {[%clk 1:04:24]} 15. Na4
{[%clk 0:54:45]} Bxb2 {[%clk 0:54:06]} 16. Nxb2 {[%clk 0:54:49]} Bb7
{[%clk 0:53:35]} 17. Nd3 {[%clk 0:48:23]} f5 {[%clk 0:45:48]} 18. e5
{[%clk 0:41:01]} Bxg2 {[%clk 0:44:52]} 19. Kxg2 {[%clk 0:40:44]} Nb6
{[%clk 0:35:48]} 20. Qf3 {[%clk 0:34:30]} Qd7 {[%clk 0:32:34]} 21. Rad1
{[%clk 0:32:15]} Qc8 {[%clk 0:25:40]} 22. Qc6 {[%clk 0:23:32]} Rd8
{[%clk 0:25:26]} 23. h4 {[%clk 0:22:50]} Qd7 {[%clk 0:22:42]} 24. Qf3
{[%clk 0:14:24]} Qf7 {[%clk 0:20:57]} 25. Qe3 {[%clk 0:09:55]} Qe7
{[%clk 0:17:04]} 26. exd6 {[%clk 0:07:18]} Qxe3 {[%clk 0:16:31]} 27. Rxe3
{[%clk 0:07:26]} cxd6 {[%clk 0:12:40]} 28. Re6 {[%clk 0:04:14]} Kf7
{[%clk 0:10:43]} 29. Rde1 {[%clk 0:02:13]} Nc8 {[%clk 0:09:38]} 30. Kf3
{[%clk 0:01:36]} Ra7 {[%clk 0:08:24]} 31. Kf2 {[%clk 0:00:59]} Re7
{[%clk 0:07:59]} 32. Rxe7+ {[%clk 0:00:52]} Nxe7 {[%clk 0:08:08]} 33. Rd1
{[%clk 0:00:57]} Nc6 {[%clk 0:07:29]} 34. Rd2 {[%clk 0:00:29]} Ke7
{[%clk 0:06:35]} 35. Re2+ {[%clk 0:00:30]} Kd7 {[%clk 0:06:29]} 36. Rd2
{[%clk 0:00:39]} Kc7 {[%clk 0:06:28]} 37. Rd1 {[%clk 0:00:42]} Re8
{[%clk 0:06:17]} 38. Rd2 {[%clk 0:00:51]} Re4 {[%clk 0:06:02]} 39. Nb2
{[%clk 0:00:21]} Nd4 {[%clk 0:04:56]} 40. Nd3 {[%clk 0:00:29]} Ne6
{[%clk 0:04:41]} 41. Ne1 {[%clk 0:00:23]} Nf8 {[%clk 0:03:54]} 42. Nf3
{[%clk 0:00:26]} Nd7 {[%clk 0:03:53]} 43. Ng5 {[%clk 0:00:29]} Re7
{[%clk 0:04:00]} 44. Nf3 {[%clk 0:00:35]} Nf6 {[%clk 0:03:52]} 45. Rd3
{[%clk 0:00:21]} Ng4+ {[%clk 0:03:23]} 46. Kf1 {[%clk 0:00:23]} Kc6
{[%clk 0:03:26]} 47. Kg1 {[%clk 0:00:13]} Re2 {[%clk 0:03:21]} 48. Rd2
{[%clk 0:00:18]} Re3 {[%clk 0:03:08]} 49. Kg2 {[%clk 0:00:26]} Nf6
{[%clk 0:03:06]} 50. Kf2 {[%clk 0:00:28]} Rc3 {[%clk 0:02:28]} 51. Kg2
{[%clk 0:00:31]} Ne4 {[%clk 0:02:32]} 52. Re2 {[%clk 0:00:40]} Rd3
{[%clk 0:02:37]} 53. Kf1 {[%clk 0:00:44]} Rxf3+ {[%clk 0:02:27]} 54. Kg2
{[%clk 0:00:52]} Rxg3+ {[%clk 0:02:33]} 0-1